Statistics for Superheroes Knowledge (DC + Marvel)

Click here to take the quiz!

General Stats

  • This quiz has been taken 212 times
  • The average score is 6 of 15

Answer Stats

HintAnswer% Correct
Who goes by the alias Dick Grayson?Nightwing / Robin
90%
How many current members are in the X-Force?6
78%
Which armored, Marvel character was ranked 12th on IGN's Best Superheroes of All-Time?Iron Man / Tony Stark
69%
What is Arthur Curry's alter-ego?Aquaman
67%
Mystique and Azazel's son is whom?Nightcrawler / Kurt Wagner
61%
What is 'The Thing' / Ben Grimm's notable battle cry?"It's clobberin' time!"
60%
What is Peter Parker's middle name?Benjamin
50%
How tall is Black Widow?5"7
33%
In X-Men VS The Avengers, who is predicted to be the next host of the Phoenix Force?Hope Summers
16%
Which member of the Justice League has a father named Giovanni?Zatanna Zatara
16%
Where is Starfire / Koriand'r's place of origin?Tamaran
13%
Which member of the X-Force switched bodies with Kwannon?Psylocke / Betsy Braddock
11%
What is the collective name of the psychically linked mutant quintuplets in X-Men?Stepford Cuckoos
11%
What are the names of the two magic goats which pull Thor's chariot?Toothgrinder and Toothgnasher
3%
Where in Germany did Max Eisenhardt attend school?Nuremberg
2%

Score Distribution

Percentile by Number Answered

Percent of People with Each Score

Your Score History

You have not taken this quiz